| 000 | 02329cam a22003857i 4500 | ||
|---|---|---|---|
| 001 | 18600337 | ||
| 005 | 20230113183401.0 | ||
| 008 | 150424s2015 gw ae b 001 0 eng | ||
| 906 |
_a7 _bcbc _ccopycat _d3 _encip _f20 _gy-gencatlg |
||
| 923 |
_d20150424 _n0371722 _sGyWOH |
||
| 925 | 0 |
_aacquire _b1 shelf copy _xpolicy default |
|
| 010 | _a 2015474582 | ||
| 020 | _a9783936681888 | ||
| 020 | _a3936681880 | ||
| 035 | _a(OCoLC)ocn905487028 | ||
| 040 |
_aERASA _beng _cERASA _erda _dOHX _dBDX _dLND _dOCLCO _dJPG _dYDXCP _dOCLCF _dYDX _dGZN _dP4A _dFLL _dOCLCO _dIG$ _dDLC |
||
| 042 | _alccopycat | ||
| 050 | 0 | 0 |
_aNA2750 _b.S375 2015 |
| 072 | 7 |
_aNA _2lcco |
|
| 082 | 0 | 4 |
_a724/.6 _223 |
| 100 | 1 |
_aSchultz, Anne-Catrin, _eauthor. |
|
| 245 | 1 | 0 |
_aTime, space, and material : _bthe mechanics of layering in architecture / _cAnne-Catrin Schultz. |
| 264 | 1 |
_aStuttgart : _bEdition Axel Menges, _c[2015] |
|
| 300 |
_a79 pages : _billustrations (chiefly colour), plans ; _c29 cm |
||
| 336 |
_atext _btxt _2rdacontent |
||
| 337 |
_aunmediated _bn _2rdamedia |
||
| 338 |
_avolume _bnc _2rdacarrier |
||
| 504 | _aIncludes bibliographical references and index. | ||
| 520 | 8 | _aThis book examines the application of the principle of layering in architecture, its mechanics, possible application and meaning. Layering is widely used in the discussions of the 20th and 21st centuries architecture but rarely defined or examined. Layering bridges the tectonics of structure and skin, offers a system for the creation of different architectural spaces over time and functions as a design principle without hierarchy. Three types of layering are identified: a chronological sedimentation of planes materializing changes over time (temporal layering), the additive sequence of spaces (spatial layering), and the stratification of individual planes (material layering). | |
| 505 | 0 | _aIntroduction -- The meaning of layering -- Layering in architecture -- A history of layered architecture -- Temporal layering : building in historic context -- Spatial layering : in-depth sequences of hierarchy and program -- Material layering : multiple-skin envelopes -- Conclusion. | |
| 650 | 0 | _aArchitectural design. | |
| 985 | _eVENDOR LOAD | ||
| 999 |
_c11259 _d11259 |
||